[Event "Copenhagen OeBRO op"]
[Site "Copenhagen"]
[Date "2016.12.30"]
[Round "6"]
[White "Haubro, Martin"]
[Black "Berg, Arthur"]
[Result "1-0"]
[WhiteElo "2353"]
[BlackElo "1983"]
[PlyCount "61"]
[EventDate "2016.12.27"]
[EventType "swiss"]
[EventRounds "7"]
[EventCountry "DEN"]
[SourceTitle "CBM 176 Extra"]
[Source "ChessBase"]
[SourceDate "2017.03.02"]
[SourceVersion "1"]
[SourceVersionDate "2017.03.02"]
[SourceQuality "1"]

1. d4 Nf6 2. c4 c5 3. d5 b5 4. cxb5 a6 5. bxa6 g6 6. Nc3 Bxa6 7. Nf3 d6 8. e4 Bxf1 9. Kxf1 Bg7 10. g3 Nbd7 11. Kg2 0-0 12. a4 Qa5 13. Bd2 Qa6 14. Qc2 Rfc8 15. h3 h6 16. Rhe1 Ne8 17. b3 Rcb8 18. Rab1 Nc7 19. Bf4 Nf6 20. Nd2 Ra7 21. Nc4 Rab7 22. Bd2 Qa8 23. Ne2 Ra7 24. b4 Rxa4 25. Na5 Ra3 26. Nc6 Ra2 27. Qd3 Re8 28. b5 Nxb5 29. Rxb5 Qa4 30. Nc3 Qc2 31. Qe2 1-0